| 000 | 00846nam a2200229 a 4500 | ||
|---|---|---|---|
| 001 | 000046916 | ||
| 005 | 20201002053216.0 | ||
| 008 | 180406s2015 dr a r 000 0 spa d | ||
| 020 | _a9789945175165 | ||
| 040 |
_aDO-SdBNP _bspa _cBNPHU |
||
| 082 |
_axxxx _bxxxx |
||
| 245 | 0 | 0 |
_aLengua española 6 : _blibro de texto, primaria 6 / _cedición Elías Herrera Jerez ; ilustraciones Vanessa Languasco Méndez. |
| 260 |
_aSanto Domingo : _bSM, _c2015. |
||
| 300 |
_a2v. : _bil. ; _c28 cm. + _eCD-ROM |
||
| 490 | 1 | _aProyecto Conecta | |
| 500 | _aLa biblioteca posee libro texto y cuaderno de estrategias | ||
| 505 | 0 |
_gv.1. _tLibro texto -- _gv.2. _tCuadernos de estrategia. |
|
| 590 | _aInventariado, 2018/BT | ||
| 700 | 1 | 2 |
_aHerrera Jerez, Elías, _eed. _916086 |
| 700 | 1 | 2 |
_aLanguasco Méndez, Vanessa, _eil. _974845 |
| 830 | 0 |
_aProyecto Conecta _974836 |
|
| 999 |
_c46404 _d46404 |
||